[Event "XII Paracin Festival 2019"]
[Site "Paracin"]
[Date "2019.07.12"]
[Round "9.16"]
[White "O`Donnell, Conor"]
[Black "Harvey, Marcus R"]
[Result "0-1"]
[WhiteElo "2341"]
[BlackElo "2402"]
[Annotator "RC"]
[PlyCount "78"]
[EventDate "2019.07.05"]
[EventType "swiss"]
[EventCountry "SRB"]
[SourceTitle "playchess.com"]
[Source "ChessBase"]
[SourceQuality "1"]
[TimeControl "5400+30"]

1. Nf3 {[%emt 0:06:16]} Nf6 {[%emt 0:00:44]} 2. c4 {[%emt 0:00:15]} e6 {[%emt 0:00:40]} 3. g3 {[%emt 0:00:24]} b6 {[%emt 0:00:03]} 4. Bg2 {[%emt 0:00:26]} Bb7 {[%emt 0:00:05]} 5. O-O {[%emt 0:00:12]} Be7 {[%emt 0:00:33]} 6. d4 {[%emt 0:00:46]} O-O {[%emt 0:00:05]} 7. Nc3 {[%emt 0:00:07]} Ne4 {[%emt 0:00:08]} 8. Bd2 {[%emt 0:00:21]} d6 {[%emt 0:01:48]} 9. d5 {[%emt 0:03:55]} Nxd2 {[%emt 0:00:32]} 10. Nxd2 {[%emt 0:01:46]} e5 {[%emt 0:00:03]} 11. e4 {[%emt 0:00:46]} g6 {[%emt 0:01:22]} 12. Qc2 {[%emt 0:06:11]} Nd7 {[%emt 0:06:08]} 13. b4 {[%emt 0:01:59]} Nf6 {[%emt 0:01:03]} 14. Nb3 {[%emt 0:06:48]} Nh5 {[%emt 0:04:51]} 15. c5 {[%emt 0:07:32]} Bc8 {[%emt 0:01:27]} 16. a4 {[%emt 0:03:21]} f5 {[%emt 0:00:42]} 17. f3 {[%emt 0:01:15]} Bg5 {[%emt 0:02:31]} 18. a5 {[%emt 0:03:56]} Be3+ {[%emt 0:01:46]} 19. Kh1 {[%emt 0:00:03]} Qg5 {[%emt 0:00:37]} 20. Bh3 {[%emt 0:04:24]} bxc5 {[%emt 0:02:07]} 21. bxc5 {[%emt 0:00:50]} Rb8 {[%emt 0:05:27]} 22. Nd1 {[%emt 0:12:00]} Nxg3+ {[%emt 0:00:55]} 23. hxg3 {[%emt 0:00:32]} Qxg3 {[%emt 0:00:13]} 24. Nxe3 {[%emt 0:01:04]} Qxh3+ {[%emt 0:00:05]} 25. Kg1 {[%emt 0:00:19]} fxe4 {[%emt 0:01:04]} 26. Rab1 {[%emt 0:04:55]} Ba6 {[%emt 0:01:43]} 27. Rfc1 {[%emt 0:09:08]} Bd3 {[%emt 0:01:10]} 28. Qg2 {[%emt 0:01:50]} Qxg2+ {[%emt 0:00:08]} 29. Nxg2 {[%emt 0:00:22]} Bxb1 {[%emt 0:00:17]} 30. Rxb1 {[%emt 0:00:06]} Rxf3 {[%emt 0:00:09]} 31. Nd2 {[%emt 0:00:12]} Rxb1+ {[%emt 0:00:08]} 32. Nxb1 {[%emt 0:00:04]} Rd3 {[%emt 0:00:14]} 33. cxd6 {[%emt 0:00:19]} cxd6 {[%emt 0:00:09]} 34. Kf2 {[%emt 0:00:06]} Rxd5 {[%emt 0:00:13]} 35. Nc3 {[%emt 0:00:56]} Rxa5 {[%emt 0:00:10]} 36. Ne3 {[%emt 0:00:26]} Kf7 {[%emt 0:01:34]} 37. Nc4 {[%emt 0:01:03]} Ra6 {[%emt 0:00:50]} 38. Nxe4 {[%emt 0:00:07]} Ra2+ {[%emt 0:02:05]} 39. Ned2 {[%emt 0:01:17]} Ke6 {[%emt 0:00:18]} 0-1

[Event "XII Paracin Festival 2019"]
[Site "Paracin"]
[Date "2019.07.12"]
[Round "9.17"]
[White "Liu, Zhaoqi"]
[Black "Milosevic, Milos"]
[Result "1-0"]
[WhiteElo "2386"]
[BlackElo "2312"]
[Annotator "TA"]
[PlyCount "119"]
[EventDate "2019.07.05"]
[EventType "swiss"]
[EventCountry "SRB"]
[SourceTitle "playchess.com"]
[Source "ChessBase"]
[SourceQuality "1"]

{[%evp 13,119,1,22,11,22,0,28,-17,24,40,43,12,23,0,0,0,5,-45,-37,-68,-79,-64,-63,-84,-85,-292,-297,-316,0,0,0,0,27,22,34,25,60,59,106,106,125,125,125,118,125,124,116,103,104,89,98,80,81,62,63,60,71,54,65,14,14,14,14,14,14,17,104,133,179,178,192,181,175,180,208,177,322,320,306,295,295,281,371,288,273,236,468,445,403,369,469,455,622,592,558,291,929,911,29973,29974,29976,29977,29982,29982,29983,29984,29983,29984]} 1. c4 e5 2. Nc3 Nc6 3. g3 g6 4. Bg2 Bg7 5. e3 Nge7 6. Nge2 d6 7. d3 Be6 8. Nd5 {A25: English Opening vs King's Indian with ...Nc6 but without early d3} Qd7 9. b3 O-O 10. Bb2 {White has an edge.} Nd8 11. Nxe7+ (11. h3 f5 12. f4 c6 13. Ndc3 Bf7 14. Qd2 Ne6 15. O-O h6 16. Rad1 Rad8 {½-½ (16) Iturrizaga Bonelli,E (2624)-Baryshpolets,A (2551) Benasque 2016}) 11... Qxe7 12. d4 $146 ({Predecessor:} 12. O-O c6 13. d4 Bd7 14. dxe5 dxe5 15. Qd2 Ne6 16. Qa5 b6 17. Qa3 Qxa3 18. Bxa3 Rfd8 19. Rad1 Be8 20. Be7 Rxd1 21. Rxd1 f5 22. Kf1 Kf7 23. Ba3 Rd8 24. Rxd8 Nxd8 25. Bb2 {½-½ (25) Aschenbrenner,R (2229)-Wasl,E Austria 2004}) 12... f5 13. dxe5 dxe5 14. O-O Nc6 15. Nc3 e4 16. f3 Rad8 17. Qe2 exf3 $1 18. Bxf3 Ne5 $1 19. Bxb7 $2 (19. Rad1 $17 {was worth a try.}) 19... c6 $19 20. Ba6 {[#]} Nd3 $2 (20... f4 $1 $19 {[%mdl 512]} 21. exf4 (21. gxf4 $2 Bg4 $19) (21. Rxf4 $2 Rxf4 22. Nd5 cxd5 $19) 21... Nd3) 21. Nd5 $1 $11 {[%cal Rd5e7]} cxd5 22. Bxg7 Qxg7 (22... Kxg7 {feels hotter.} 23. Qxd3 dxc4 24. Qc3+ Qf6 25. Qxf6+ Kxf6 26. bxc4 Rd2) 23. cxd5 Bxd5 {aiming for ...Be4.} 24. Bxd3 Kh8 25. Bc4 Bc6 26. Rad1 Qe5 27. Rxd8 Rxd8 {[#]} 28. Kf2 $1 Re8 29. Qd2 Kg7 30. Qd4 (30. Rc1 {seems wilder.} Be4 31. Be2 Kh6 32. h4 Qe7 33. Rd1) 30... Qxd4 31. exd4 $16 {[%mdl 4096] Endgame KRB-KRB} Be4 32. Rc1 Rc8 33. Rd1 Kf6 34. Ke3 g5 35. Rf1 h5 36. Kd2 (36. h4 $14) 36... h4 $11 37. Bd3 Bxd3 38. Kxd3 hxg3 39. hxg3 {KR-KR} Ke6 (39... Rh8 $11) 40. Rh1 Rf8 {[#]} 41. Rh6+ $1 Kd5 {Black hopes to continue with ...f4.} 42. Rh5 Rg8 43. Rh7 a6 44. Rd7+ Kc6 (44... Ke6 $142 45. Ra7 Rh8 46. Rxa6+ Kf7) 45. Rf7 $18 f4 46. g4 ({Resist} 46. gxf4 g4 $18) 46... Rg6 47. Rf5 Rg8 48. a4 Rg6 49. b4 Kb6 $2 (49... Kd7 50. a5 Rg8) 50. Rf7 Kc6 51. Kc4 Rh6 52. Rf5 Rg6 53. d5+ Kd6 54. Kd4 Kc7 $2 (54... Rg8 55. Rf6+ Ke7 56. Rxa6 Rf8 57. Re6+ Kd7) 55. Kc5 Rg7 56. b5 {White mates.} axb5 57. axb5 {[%cal Ba4b5,Bb5b6,Bb6b7][%mdl 32]} Kd7 58. b6 Rh7 59. Rf8 Rh1 60. b7 {Accuracy: White = 65%, Black = 37%.} 1-0

[Event "XII Paracin Festival 2019"]
[Site "Paracin"]
[Date "2019.07.12"]
[Round "9.18"]
[White "Ozsoy, Alimert"]
[Black "Avalyan, Artur"]
[Result "0-1"]
[WhiteElo "2087"]
[BlackElo "2351"]
[Annotator "ChessBase"]
[PlyCount "112"]
[EventDate "2019.07.05"]
[EventType "swiss"]
[EventCountry "SRB"]
[SourceTitle "playchess.com"]
[Source "ChessBase"]
[SourceQuality "1"]
[TimeControl "5400+30"]

1. e4 e6 2. d4 d5 3. Nc3 Bb4 4. e5 Ne7 5. a3 Bxc3+ 6. bxc3 {[%emt 0:00:37]} c5 {[%emt 0:01:29]} 7. Qg4 {[%emt 0:00:18]} Qc7 {[%emt 0:00:08]} 8. Qxg7 {[%emt 0:00:16]} Rg8 {[%emt 0:00:04]} 9. Qxh7 {[%emt 0:00:11]} cxd4 {[%emt 0:00:03]} 10. Ne2 {[%emt 0:00:16]} Nbc6 {[%emt 0:00:07]} 11. f4 {[%emt 0:00:42]} Bd7 {[%emt 0:00:04]} 12. h4 {[%emt 0:01:07]} dxc3 {[%emt 0:00:21]} 13. h5 {[%emt 0:01:42]} O-O-O {[%emt 0:00:05]} 14. Qd3 {[%emt 0:01:58]} Kb8 {[%emt 0:00:02]} 15. Qxc3 {[%emt 0:00:27]} d4 {[%emt 0:01:24]} 16. Qc4 {[%emt 0:00:56]} Nf5 {[%emt 0:26:55]} 17. h6 {[%emt 0:03:45]} Rg6 {[%emt 0:00:32]} 18. h7 {[%emt 0:06:14]} Rh8 {[%emt 0:00:03]} 19. Rb1 {[%emt 0:04:50]} Rg7 {[%emt 0:00:56]} 20. Kf2 {[%emt 0:02:24]} Rgxh7 {[%emt 0:12:55]} 21. Rxh7 {[%emt 0:00:30]} Rxh7 {[%emt 0:00:03]} 22. g3 {[%emt 0:07:51]} Nce7 {[%emt 0:26:36]} 23. Qxc7+ {[%emt 0:17:41]} Kxc7 {[%emt 0:00:03]} 24. Bb2 {[%emt 0:03:30]} Bc6 {[%emt 0:05:09]} 25. Nxd4 {[%emt 0:07:26]} Rh2+ {[%emt 0:00:08]} 26. Kg1 {[%emt 0:00:49]} Rh1+ {[%emt 0:00:04]} 27. Kf2 {[%emt 0:00:06]} Nxd4 {[%emt 0:00:59]} 28. Bxd4 {[%emt 0:00:13]} b6 {[%emt 0:02:58]} 29. c3 {[%emt 0:03:54]} Rh2+ {[%emt 0:03:30]} 30. Kg1 {[%emt 0:02:02]} Rh1+ {[%emt 0:00:21]} 31. Kf2 {[%emt 0:00:04]} Rh2+ {[%emt 0:00:04]} 32. Kg1 {[%emt 0:00:03]} Ra2 {[%emt 0:00:07]} 33. c4 {[%emt 0:02:11]} Rxa3 {[%emt 0:01:35]} 34. Bf2 {[%emt 0:05:23]} Nf5 {[%emt 0:00:27]} 35. g4 {[%emt 0:01:58]} Ne3 {[%emt 0:01:43]} 36. Be2 {[%emt 0:04:32]} Rc3 {[%emt 0:00:27]} 37. Ra1 {[%emt 0:02:23]} Kb7 {[%emt 0:02:02]} 38. Rb1 {[%emt 0:11:15]} Nxc4 {[%emt 0:01:23]} 39. Bxc4 {[%emt 0:01:52]} Rxc4 {[%emt 0:00:25]} 40. Be3 {[%emt 0:00:38]} Rc2 {[%emt 0:01:10]} 41. Bf2 {[%emt 0:00:10]} Bf3 {[%emt 0:00:07]} 42. g5 {[%emt 0:00:23]} Be4 {[%emt 0:00:18]} 43. Rb4 {[%emt 0:00:39]} Bd5 {[%emt 0:00:20]} 44. Rd4 {[%emt 0:00:37]} Kc6 {[%emt 0:03:11]} 45. Rd3 {[%emt 0:00:19]} a5 {[%emt 0:00:34]} 46. f5 {[%emt 0:00:32]} Rc4 {[%emt 0:07:28]} 47. f6 {[%emt 0:05:03]} Rg4+ {[%emt 0:00:47]} 48. Rg3 {[%emt 0:00:11]} Rxg3+ {[%emt 0:00:54]} 49. Bxg3 {[%emt 0:00:05]} Be4 {[%emt 0:00:25]} 50. Kf2 {[%emt 0:00:58]} b5 {[%emt 0:00:26]} 51. Ke3 {[%emt 0:00:13]} Kd5 {[%emt 0:00:04]} 52. Kd2 {[%emt 0:00:41]} Kc4 {[%emt 0:00:09]} 53. Kc1 {[%emt 0:00:07]} Kb3 {[%emt 0:00:21]} 54. Be1 {[%emt 0:00:34]} a4 {[%emt 0:00:03]} 55. Bf2 {[%emt 0:00:06]} b4 {[%emt 0:00:09]} 56. Be3 {[%emt 0:00:24]} Ka2 {[%emt 0:00:17]} 0-1

[Event "XII Paracin Festival 2019"]
[Site "Paracin"]
[Date "2019.07.12"]
[Round "9.20"]
[White "Nestorovic, Dejan"]
[Black "Mullick, Raahil"]
[Result "1-0"]
[WhiteElo "2341"]
[BlackElo "2211"]
[Annotator "ChessBase"]
[PlyCount "77"]
[EventDate "2019.07.05"]
[EventType "swiss"]
[EventCountry "SRB"]
[SourceTitle "playchess.com"]
[Source "ChessBase"]
[SourceQuality "1"]
[TimeControl "5400+30"]

1. d4 {[%emt 0:00:00]} d5 {[%emt 0:00:00]} 2. c4 {[%emt 0:00:00]} c6 {[%emt 0:00:00]} 3. Nf3 {[%emt 0:00:00]} Nf6 {[%emt 0:00:09]} 4. e3 {[%emt 0:00:04]} Bf5 {[%emt 0:00:03]} 5. Nc3 {[%emt 0:00:19]} e6 {[%emt 0:00:04]} 6. Nh4 {[%emt 0:00:20]} Be4 {[%emt 0:00:07]} 7. f3 {[%emt 0:00:12]} Bg6 {[%emt 0:00:03]} 8. Qb3 {[%emt 0:01:27]} Qc7 {[%emt 0:00:05]} 9. g3 {[%emt 0:00:37]} Be7 10. cxd5 {[%emt 0:04:28]} cxd5 {[%emt 0:02:58]} 11. e4 dxe4 {[%emt 0:11:41]} 12. Nxg6 {[%emt 0:01:47]} hxg6 {[%emt 0:00:17]} 13. fxe4 {[%emt 0:01:57]} Nc6 {[%emt 0:02:01]} 14. Bf4 {[%emt 0:05:48]} Qd7 {[%emt 0:11:54]} 15. O-O-O {[%emt 0:13:21]} O-O {[%emt 0:02:39]} 16. d5 {[%emt 0:03:33]} exd5 {[%emt 0:04:40]} 17. exd5 {[%emt 0:00:43]} Na5 {[%emt 0:00:35]} 18. Qb5 {[%emt 0:02:17]} Qxb5 {[%emt 0:02:54]} 19. Bxb5 {[%emt 0:00:56]} a6 {[%emt 0:01:26]} 20. Rhe1 {[%emt 0:12:34]} Bb4 {[%emt 0:03:15]} 21. Bf1 {[%emt 0:00:47]} Rac8 {[%emt 0:02:00]} 22. Kc2 {[%emt 0:13:59]} Rfd8 {[%emt 0:08:50]} 23. Bh3 {[%emt 0:03:12]} Rc5 {[%emt 0:02:34]} 24. d6 {[%emt 0:03:37]} Bxc3 {[%emt 0:07:03]} 25. bxc3 {[%emt 0:00:20]} Nd5 {[%emt 0:00:08]} 26. d7 {[%emt 0:03:04]} Nc6 {[%emt 0:11:35]} 27. Re8+ {[%emt 0:02:30]} Kh7 {[%emt 0:00:01]} 28. Bd6 {[%emt 0:01:10]} Ra5 {[%emt 0:01:03]} 29. a3 {[%emt 0:05:33]} f5 {[%emt 0:02:43]} 30. Rxd8 {[%emt 0:02:45]} Ne3+ {[%emt 0:00:31]} 31. Kc1 {[%emt 0:01:38]} Nxd8 {[%emt 0:02:04]} 32. Rd3 {[%emt 0:03:52]} Rd5 {[%emt 0:01:55]} 33. Rxd5 {[%emt 0:00:11]} Nxd5 {[%emt 0:00:08]} 34. Bg2 {[%emt 0:03:42]} Nxc3 {[%emt 0:01:14]} 35. Be7 {[%emt 0:00:33]} Ne6 {[%emt 0:00:06]} 36. Kd2 {[%emt 0:02:04]} Nb5 {[%emt 0:00:24]} 37. Bxb7 {[%emt 0:01:18]} Nbc7 {[%emt 0:00:11]} 38. a4 {[%emt 0:01:12]} Kg8 {[%emt 0:00:06]} 39. Bd6 {[%emt 0:01:28]} 1-0

[Event "XII Paracin Festival 2019"]
[Site "Paracin"]
[Date "2019.07.12"]
[Round "9.22"]
[White "Wadsworth, Matthew J"]
[Black "Holland, James P"]
[Result "1-0"]
[WhiteElo "2418"]
[BlackElo "2263"]
[Annotator "TA"]
[PlyCount "77"]
[EventDate "2019.07.05"]
[EventType "swiss"]
[EventCountry "SRB"]
[SourceTitle "playchess.com"]
[Source "ChessBase"]
[SourceQuality "1"]

{[%evp 11,77,-24,8,-1,11,12,4,18,17,0,8,9,30,8,10,10,32,0,0,0,0,0,0,-14,-7,0,0,0,0,0,0,-29,0,-37,0,-20,15,18,102,47,65,28,77,68,79,79,79,103,79,79,140,91,87,86,88,64,93,91,272,279,304,145,198,114,125,121,296,257]} 1. Nf3 d5 2. g3 c5 3. Bg2 Nc6 4. c4 d4 5. d3 Nf6 6. O-O e6 7. e3 {A09: Réti Opening: 1 Nf3 d5 2 c4} Be7 8. exd4 cxd4 9. Re1 {The position is equal.} O-O 10. Na3 Re8 11. Nc2 a5 12. Ne5 $146 ({Predecessor:} 12. a3 h6 13. Bd2 a4 14. Bb4 Qb6 15. Qd2 e5 16. Re2 {0-1 (50) Ding,L (2766)-Mamedyarov,S (2747) Huaian 2016}) 12... Nxe5 13. Rxe5 Nd7 14. Re1 Nc5 15. b3 {[%cal Bb2b3,Bb3b4][%mdl 32]} Bf6 16. Ba3 Qc7 17. Qf3 Rb8 18. Bxc5 Qxc5 19. a3 Bd7 20. b4 Qc7 21. Re2 e5 22. Rae1 Ba4 23. b5 {Threatening Nxd4!} Bxc2 24. Rxc2 Qc5 (24... Be7 $11 {remains equal.}) 25. Ra2 (25. Qf5 $16) 25... b6 26. h4 Re7 27. h5 e4 28. Rxe4 Rxe4 29. Qxe4 Qxh5 30. Re2 {White wants to mate with Qe8+!} Qc5 ({Black should try} 30... g6) 31. a4 $40 {[%mdl 128] White attacks with force.} Qd6 32. Qc6 Be7 33. Re4 Qc5 34. Qd7 Bf6 $2 (34... Kf8 $16) 35. Re2 $18 Qc8 36. Qc6 (36. Qa7 $1 $18 {and the rest is easy.}) 36... h5 {[#]} (36... Qxc6 $16 {might work better.} 37. bxc6 Kf8) 37. Re4 (37. c5 $1 $18) 37... Qd8 $16 38. Bh3 g5 $2 {[#]} (38... g6 $16) 39. Bd7 $1 {Accuracy: White = 44%, Black = 40%.} 1-0

[Event "XII Paracin Festival 2019"]
[Site "Paracin"]
[Date "2019.07.12"]
[Round "9.23"]
[White "Lee, Jun Hyeok"]
[Black "Vidic, Teja"]
[Result "1-0"]
[WhiteElo "2383"]
[BlackElo "2166"]
[Annotator "RC"]
[PlyCount "41"]
[EventDate "2019.07.05"]
[EventType "swiss"]
[EventCountry "SRB"]
[SourceTitle "playchess.com"]
[Source "ChessBase"]
[SourceQuality "1"]
[TimeControl "5400+30"]

1. d4 {[%emt 0:00:00]} Nf6 {[%emt 0:01:29]} 2. Bf4 {[%emt 0:00:00]} e6 {[%emt 0:00:06]} 3. e3 {[%emt 0:00:00]} c5 {[%emt 0:00:38]} 4. Nf3 {[%emt 0:01:20]} b6 {[%emt 0:03:46]} 5. Nc3 {[%emt 0:05:53]} Nh5 {[%emt 0:08:34]} 6. Bg5 {[%emt 0:00:51]} Be7 {[%emt 0:01:02]} 7. Bxe7 {[%emt 0:02:36]} Qxe7 {[%emt 0:00:06]} 8. d5 {[%emt 0:11:31]} O-O {[%emt 0:03:55]} 9. d6 {[%emt 0:01:44]} Qe8 {[%emt 0:02:27]} 10. Ne5 {[%emt 0:08:27]} f5 {[%emt 0:14:53]} 11. Qf3 {[%emt 0:01:32]} Nc6 {[%emt 0:00:19]} 12. Bb5 {[%emt 0:00:45]} Bb7 {[%emt 0:05:55]} 13. Bxc6 {[%emt 0:00:06]} Bxc6 {[%emt 0:00:13]} 14. Nxc6 {[%emt 0:00:06]} dxc6 15. d7 {[%emt 0:00:49]} Qf7 {[%emt 0:01:17]} 16. Qxc6 {[%emt 0:02:39]} Rad8 {[%emt 0:00:13]} 17. O-O-O {[%emt 0:02:01]} Nf6 {[%emt 0:02:28]} 18. Nb5 {[%emt 0:14:41]} Nd5 {[%emt 0:19:04]} 19. Nc7 {[%emt 0:01:31]} Qxd7 {[%emt 0:05:48]} 20. Qxe6+ {[%emt 0:01:05]} Rf7 {[%emt 0:01:08]} 21. Qxd5 {[%emt 0:00:06]} 1-0

[Event "XII Paracin Festival 2019"]
[Site "Paracin"]
[Date "2019.07.12"]
[Round "9.24"]
[White "Raahul V S"]
[Black "Franklin, Samuel G A"]
[Result "1/2-1/2"]
[WhiteElo "2251"]
[BlackElo "2339"]
[Annotator "ChessBase"]
[PlyCount "106"]
[EventDate "2019.07.05"]
[EventType "swiss"]
[EventCountry "SRB"]
[SourceTitle "playchess.com"]
[Source "ChessBase"]
[SourceQuality "1"]
[TimeControl "5400+30"]

1. c4 {[%emt 0:00:00]} Nf6 {[%emt 0:01:45]} 2. Nc3 {[%emt 0:00:00]} g6 {[%emt 0:00:04]} 3. e4 {[%emt 0:00:00]} d6 {[%emt 0:00:02]} 4. d4 {[%emt 0:00:00]} Bg7 {[%emt 0:00:12]} 5. Nf3 {[%emt 0:00:04]} O-O {[%emt 0:00:09]} 6. Be2 {[%emt 0:00:03]} e5 {[%emt 0:00:11]} 7. O-O {[%emt 0:00:06]} Nbd7 {[%emt 0:01:33]} 8. Be3 {[%emt 0:03:20]} Ng4 {[%emt 0:01:16]} 9. Bg5 {[%emt 0:00:03]} f6 {[%emt 0:00:08]} 10. Bh4 {[%emt 0:00:37]} h5 {[%emt 0:02:44]} 11. b4 {[%emt 0:02:35]} Nh6 {[%emt 0:09:14]} 12. Bg3 {[%emt 0:02:44]} Nf7 {[%emt 0:01:22]} 13. c5 {[%emt 0:00:46]} dxc5 {[%emt 0:06:29]} 14. dxc5 {[%emt 0:01:02]} c6 {[%emt 0:00:25]} 15. Bc4 {[%emt 0:05:39]} Qe7 {[%emt 0:00:19]} 16. Qb3 {[%emt 0:01:56]} b5 {[%emt 0:08:02]} 17. cxb6 {[%emt 0:00:28]} Nxb6 {[%emt 0:00:25]} 18. Na4 {[%emt 0:02:16]} Kh7 {[%emt 0:03:54]} 19. Bxf7 {[%emt 0:08:11]} Rxf7 {[%emt 0:00:00]} 20. Nc5 {[%emt 0:00:00]} Nd7 {[%emt 0:09:35]} 21. Rfc1 {[%emt 0:01:27]} Bh6 {[%emt 0:03:35]} 22. Rc2 {[%emt 0:00:19]} a5 {[%emt 0:02:02]} 23. Ne6 {[%emt 0:07:58]} a4 {[%emt 0:06:42]} 24. Qc4 {[%emt 0:00:02]} Nb6 {[%emt 0:02:06]} 25. Qc5 {[%emt 0:00:16]} Qxe6 {[%emt 0:05:32]} 26. Qxb6 {[%emt 0:00:02]} Ra6 {[%emt 0:00:25]} 27. Qc5 {[%emt 0:00:02]} Bf8 {[%emt 0:06:12]} 28. Qc3 {[%emt 0:00:05]} Rb6 {[%emt 0:03:10]} 29. a3 {[%emt 0:00:17]} Kg7 {[%emt 0:03:54]} 30. Nd2 {[%emt 0:04:54]} c5 {[%emt 0:06:15]} 31. f3 {[%emt 0:00:23]} Rc6 {[%emt 0:07:10]} 32. Rb1 {[%emt 0:01:11]} Rb7 {[%emt 0:03:12]} 33. Bf2 {[%emt 0:00:19]} Bd7 {[%emt 0:01:02]} 34. bxc5 {[%emt 0:00:13]} Rxb1+ {[%emt 0:01:36]} 35. Nxb1 {[%emt 0:00:01]} Rc8 {[%emt 0:00:02]} 36. Qc4 {[%emt 0:02:38]} Qxc4 {[%emt 0:01:32]} 37. Rxc4 {[%emt 0:00:01]} Bb5 {[%emt 0:00:06]} 38. Rc1 {[%emt 0:00:12]} Kf7 {[%emt 0:00:13]} 39. g3 {[%emt 0:00:19]} Ke6 {[%emt 0:00:16]} 40. Kg2 {[%emt 0:00:16]} Bc6 {[%emt 0:01:55]} 41. Nc3 {[%emt 0:01:54]} Rb8 {[%emt 0:00:03]} 42. Rb1 {[%emt 0:00:40]} Rxb1 {[%emt 0:00:41]} 43. Nxb1 {[%emt 0:00:01]} f5 {[%emt 0:00:02]} 44. Nc3 {[%emt 0:00:41]} Bh6 {[%emt 0:00:13]} 45. Kf1 {[%emt 0:09:17]} Bc1 {[%emt 0:00:22]} 46. Ke2 {[%emt 0:00:59]} Bxa3 {[%emt 0:00:13]} 47. Kd3 {[%emt 0:00:06]} Bb4 {[%emt 0:00:50]} 48. Na2 {[%emt 0:01:55]} Bb5+ {[%emt 0:00:30]} 49. Kc2 {[%emt 0:00:05]} Ba5 {[%emt 0:00:16]} 50. Be3 {[%emt 0:01:32]} Bc6 {[%emt 0:00:56]} 51. Kd3 {[%emt 0:00:36]} Bb5+ {[%emt 0:00:04]} 52. Kc2 {[%emt 0:00:04]} Bc6 {[%emt 0:00:03]} 53. Kd3 {[%emt 0:00:05]} Bb5+ {[%emt 0:01:31]} 1/2-1/2

[Event "XII Paracin Festival 2019"]
[Site "Paracin"]
[Date "2019.07.12"]
[Round "9.25"]
[White "Audi Ameya"]
[Black "Gallevci, Yagiz"]
[Result "1-0"]
[WhiteElo "2328"]
[BlackElo "2036"]
[Annotator "ChessBase"]
[PlyCount "69"]
[EventDate "2019.07.05"]
[EventType "swiss"]
[EventCountry "SRB"]
[SourceTitle "playchess.com"]
[Source "ChessBase"]
[SourceQuality "1"]
[TimeControl "5400+30"]

1. e4 {[%emt 0:00:00]} c6 {[%emt 0:00:00]} 2. Nf3 {[%emt 0:00:00]} d5 {[%emt 0:00:00]} 3. exd5 {[%emt 0:00:00]} cxd5 {[%emt 0:00:00]} 4. Ne5 {[%emt 0:00:00]} Nf6 {[%emt 0:00:00]} 5. d4 {[%emt 0:00:00]} g6 {[%emt 0:00:28]} 6. Bb5+ {[%emt 0:00:00]} Nbd7 {[%emt 0:00:07]} 7. O-O {[%emt 0:00:00]} Bg7 {[%emt 0:00:04]} 8. Re1 {[%emt 0:00:00]} O-O {[%emt 0:00:08]} 9. Nf3 {[%emt 0:00:04]} Nb6 {[%emt 0:01:54]} 10. Nbd2 {[%emt 0:05:30]} Bf5 {[%emt 0:04:25]} 11. h3 {[%emt 0:00:19]} Rc8 {[%emt 0:04:06]} 12. c3 {[%emt 0:00:04]} a6 {[%emt 0:07:22]} 13. Bf1 {[%emt 0:00:04]} Qd6 {[%emt 0:10:17]} 14. Ne5 {[%emt 0:08:52]} Nfd7 {[%emt 0:01:44]} 15. Ndf3 {[%emt 0:20:44]} f6 {[%emt 0:03:26]} 16. Ng4 {[%emt 0:00:13]} e5 {[%emt 0:02:31]} 17. Nh6+ {[%emt 0:00:44]} Bxh6 {[%emt 0:01:54]} 18. Bxh6 {[%emt 0:00:04]} Rfe8 {[%emt 0:03:14]} 19. dxe5 {[%emt 0:00:13]} fxe5 {[%emt 0:00:19]} 20. Qd2 {[%emt 0:26:51]} Nf6 {[%emt 0:10:26]} 21. Rad1 {[%emt 0:08:33]} Nbd7 {[%emt 0:04:22]} 22. g4 {[%emt 0:03:47]} Be6 {[%emt 0:01:29]} 23. Bg2 {[%emt 0:00:26]} Kh8 {[%emt 0:04:59]} 24. Nxe5 {[%emt 0:05:24]} Nxe5 {[%emt 0:03:16]} 25. Rxe5 {[%emt 0:00:03]} Nxg4 {[%emt 0:03:42]} 26. Rxe6 {[%emt 0:00:08]} Qxe6 {[%emt 0:10:21]} 27. hxg4 {[%emt 0:00:44]} Rc4 {[%emt 0:01:38]} 28. Qxd5 {[%emt 0:01:57]} Qxd5 {[%emt 0:00:50]} 29. Rxd5 {[%emt 0:01:03]} Rxg4 {[%emt 0:00:13]} 30. Kf1 {[%emt 0:01:29]} Rh4 {[%emt 0:02:29]} 31. Bg5 {[%emt 0:00:11]} Rh5 {[%emt 0:00:29]} 32. Bf6+ {[%emt 0:00:28]} Kg8 {[%emt 0:00:05]} 33. Rd7 {[%emt 0:00:19]} Re6 {[%emt 0:00:01]} 34. Bd4 {[%emt 0:00:55]} Kf8 {[%emt 0:00:17]} 35. Bd5 {[%emt 0:02:47]} 1-0

[Event "XII Paracin Festival 2019"]
[Site "Paracin"]
[Date "2019.07.12"]
[Round "9.26"]
[White "Kecskemeti, Arpad"]
[Black "Chen, Peng"]
[Result "0-1"]
[WhiteElo "2230"]
[BlackElo "2328"]
[Annotator "ChessBase"]
[PlyCount "44"]
[EventDate "2019.07.05"]
[EventType "swiss"]
[EventCountry "SRB"]
[SourceTitle "playchess.com"]
[Source "ChessBase"]
[SourceQuality "1"]
[TimeControl "5400+30"]

1. e4 {[%emt 0:00:56]} c5 {[%emt 0:00:00]} 2. Nf3 {[%emt 0:00:07]} a6 {[%emt 0:00:00]} 3. Nc3 {[%emt 0:02:00]} d6 {[%emt 0:00:16]} 4. d4 {[%emt 0:00:08]} cxd4 {[%emt 0:00:04]} 5. Nxd4 {[%emt 0:00:05]} Nf6 {[%emt 0:00:03]} 6. Be3 {[%emt 0:00:29]} e6 {[%emt 0:00:06]} 7. a4 {[%emt 0:05:23]} b6 {[%emt 0:01:11]} 8. Bd3 {[%emt 0:01:01]} Bb7 {[%emt 0:04:16]} 9. f4 {[%emt 0:01:24]} Nbd7 {[%emt 0:00:16]} 10. Qf3 {[%emt 0:03:18]} g6 {[%emt 0:08:50]} 11. h3 {[%emt 0:04:48]} Bg7 {[%emt 0:01:16]} 12. O-O {[%emt 0:01:47]} O-O {[%emt 0:00:18]} 13. Rad1 {[%emt 0:11:42]} Qc7 {[%emt 0:05:26]} 14. g4 {[%emt 0:11:04]} e5 {[%emt 0:03:34]} 15. Nde2 {[%emt 0:00:53]} exf4 {[%emt 0:03:50]} 16. Nxf4 {[%emt 0:01:05]} h6 {[%emt 0:00:33]} 17. Bd4 {[%emt 0:06:11]} Rae8 {[%emt 0:17:56]} 18. Rde1 {[%emt 0:15:37]} Nxe4 {[%emt 0:04:34]} 19. Bxe4 {[%emt 0:18:42]} Bxd4+ {[%emt 0:00:17]} 20. Kg2 {[%emt 0:01:37]} Bxc3 {[%emt 0:00:51]} 21. bxc3 {[%emt 0:00:20]} Rxe4 {[%emt 0:00:24]} 22. Rxe4 {[%emt 0:00:31]} Nf6 {[%emt 0:00:26]} 0-1

[Event "XII Paracin Festival 2019"]
[Site "Paracin"]
[Date "2019.07.12"]
[Round "9.27"]
[White "Peng, Shunkai"]
[Black "Tanishka Kotia"]
[Result "1-0"]
[WhiteElo "2300"]
[BlackElo "1942"]
[Annotator "NA"]
[PlyCount "63"]
[EventDate "2019.07.05"]
[EventType "swiss"]
[EventCountry "SRB"]
[SourceTitle "playchess.com"]
[Source "ChessBase"]
[SourceQuality "1"]
[TimeControl "5400+30"]

1. e4 d5 2. exd5 Nf6 3. Nf3 Qxd5 4. d4 Bg4 5. Be2 Nc6 6. O-O O-O-O 7. Be3 e5 8. c4 Qa5 9. d5 Bxf3 10. Bxf3 Bc5 11. Bd2 Bb4 12. dxc6 Bxd2 13. Qc2 e4 14. Bxe4 Nxe4 15. Qxe4 Rhe8 16. Qc2 Bf4 17. Nc3 bxc6 18. Rad1 Qh5 19. g3 Re6 20. Rxd8+ Kxd8 21. Qd1+ Qxd1 22. Rxd1+ Bd6 23. c5 Ke7 24. cxd6+ cxd6 25. Rd4 Kf6 26. Kf1 d5 27. Ra4 Ke5 28. Rxa7 d4 29. Nb1 Kf6 30. Nd2 c5 31. b3 Rc6 32. Ke2 1-0